Can You Name All The Support Brawlers in Brawl Stars? - Statistics

General Stats
  • This quiz has been taken 2 times
  • The average score is 7 of 12
Answer Stats
Hint Answer % Correct
Myhtic Byron
100%
Mythic Glowy
100%
Mythic Max
100%
Epic Pam
100%
Rare Poco
100%
Epic Berry
50%
Super Rare Gus
50%
Mythic Jae-Yong
50%
Legendary Kit
50%
Mythic Doug
0%
Mythic Gray
0%
Mythic Ruffs
0%
No matching quizzes found
Score Distribution
Percent of People with Each Score
Percentile by Number Answered
Your Score History
You have not taken this quiz